|
|
|
|
| LEADER |
00000nab a2200000 a 4500 |
| 001 |
vtls000690227 |
| 003 |
SK-MaSNL |
| 005 |
20260303043347.0 |
| 008 |
180206c1999 xo 0 slo |
| 015 |
|
|
|a SNBRB1999/05-11568
|
| 035 |
|
|
|a CLN000042394
|
| 040 |
|
|
|a SNKBUCL
|b slo
|c SNKBUCL
|e AACR2
|
| 041 |
0 |
|
|a slo
|
| 044 |
|
|
|a xo
|c SK
|
| 080 |
|
|
|a 262.12:061.2(437.6):659.443/.446
|2 UDC-MRF-SK2
|
| 080 |
|
|
|a 659.443/.446
|2 UDC-MRF-SK2
|
| 245 |
0 |
0 |
|a Pastiersky list biskupov Slovenska
|b k 33. svetovému dňu spoločenských dorozumievacích prostriedkov 16. mája 1999
|
| 610 |
|
7 |
|a Konferencia biskupov Slovenska
|2 snkbucl
|9 847492
|
| 650 |
0 |
7 |
|a médiá
|x evanjelizácia
|x listy pastierske
|2 snkbucl
|9 1030640
|
| 655 |
|
7 |
|a články z novín a časopisov
|2 snkbucl
|9 267496
|
| 773 |
0 |
|
|x 0139-8512
|t Katolícke noviny
|g Roč. 114, č. 21 (1999), s. 3
|
| 850 |
|
|
|a Slovenská národná knižnica v Martine
|
| 852 |
|
|
|a SNK
|b KIS3GCP
|
| 958 |
|
|
|a RBX
|
| 999 |
|
|
|c 1696551
|d 1698481
|